| 000 | 00811nam a2200253Ia 4500 | ||
|---|---|---|---|
| 003 | OSt | ||
| 005 | 20221005031440.0 | ||
| 006 | a|||||r|||| 00| 0 | ||
| 007 | ta | ||
| 008 | 221004b |||||||| |||| 00| 0 eng d | ||
| 020 |
_a13:978 1 84542 328 5 (hbk) _c4740.45 |
||
| 024 | _a87073 | ||
| 037 |
_b10638, 30/03/2007, Govinda Book House _cTextual |
||
| 040 |
_aCRL _cCRL _beng |
||
| 041 |
_2eng _aeng |
||
| 082 | _a2N7, P6 | ||
| 100 |
_aKallinikos Jannis _9337319 |
||
| 245 | 0 |
_aConsequences of Information _b institutional implications of technological change |
|
| 260 |
_aCheltenham _bEdward Elgar UK _c2006 |
||
| 300 |
_aix, 205p. _ccm. |
||
| 650 | _aLIBRARY SCIENCE | ||
| 942 |
_h2N7, P6 _cTEXL _2cc |
||
| 999 |
_c937750 _d937750 |
||